Statistics for Squid Game Games

Click here to take the quiz!

General Stats

  • This quiz has been taken 27 times
  • The average score is 5 of 6

Answer Stats

Order PlayedAnswer% Correct
1Red Light, Green Light
100%
5Hopscotch/ Glass Bridge
84%
4Marbles
74%
6Squid Game
74%
3Tug of War
74%
2Honeycomb Cookies
68%

Score Distribution

Percentile by Number Answered

Percent of People with Each Score

Your Score History

You have not taken this quiz